000 00403nam a22001457a 4500
005 20200613113639.0
008 200613b xxu||||| |||| 00| 0 eng d
082 _a345.4 AIR
110 _aALL INDIA REPORTER,
_96064
245 _aALL INDIA REPORTER, [1980] [VOL-67] SUPREME COURT SECTION
260 _aMUMBAI
_bALL INDIA REPORTER,PVT. LTD.
300 _a1200;p
650 _aLAW
_95701
942 _cJRL
999 _c7123
_d7121